Normal view
MARC view
- Emadi, Ali
Entry Personal Name
001 - CONTROL NUMBER
- control field: 60201
003 - CONTROL NUMBER IDENTIFIER
- control field: NUST
005 - DATE AND TIME OF LATEST TRANSACTION
- control field: 20210628202513.0
008 - FIXED-LENGTH DATA ELEMENTS
- fixed length control field: 210628|| aca||aabn | a|a d
040 ## - CATALOGING SOURCE
- Original cataloging agency: NUST
- Transcribing agency: NUST
100 ## - HEADING--PERSONAL NAME
- Personal name: Emadi, Ali
670 ## - SOURCE DATA FOUND
- Source citation: Work cat.: (NUST): Emadi, Ali, Handbook of automotive power electronics and motor drives, 2005
